Historia de la filosofía / (Record no. 89766)

MARC details
000 -CABECERA
campo de control de longitud fija 00873nam a2200229 a 4500
005 - FECHA Y HORA DE LA ÚLTIMA TRANSACCIÓN
campo de control 20250605063848.0
008 - ELEMENTOS DE LONGITUD FIJA--INFORMACIÓN GENERAL
campo de control de longitud fija 020508s19541979mx r 000 0 spa d
020 ## - NÚMERO INTERNACIONAL NORMALIZADO PARA LIBROS
Número Internacional Estándar del Libro 8425409152
035 ## - NÚMERO DE CONTROL DEL SISTEMA
Número de control de sistema UPN01000117221
049 ## - COLECCIÓN
Colección CG
050 #4 - SIGNATURA TOPOGRÁFICA DE LA BIBLIOTECA DEL CONGRESO
Número de clasificación B82
Número de documento/Ítem H5.38
100 1# - ASIENTO PRINCIPAL--NOMBRE PERSONAL
Nombre de persona Hirschberger, Johannes
245 10 - MENCIÓN DE TÍTULO
Título Historia de la filosofía /
Mención de responsabilidad, etc. Johannes Hirschberger ; presentación, tr. y síntesis de historia de la filosofía española por Luis Martínez Gómez.
260 ## - PUBLICACIÓN, DISTRIBUCIÓN, ETC.
Lugar de publicación, distribución, etc. Barcelona, Esp. :
Nombre del editor, distribuidor, etc. Herder,
Fecha de publicación, distribución, etc. 1954 (1979 impr.).
300 ## - DESCRIPCIÓN FÍSICA
Extensión 2 v.
440 #0 - MENCIÓN DE SERIE/ASIENTO SECUNDARIO--TÍTULO
Título Biblioteca Herder.
Nombre de parte o sección de la obra Sección de teología y filosofía ;
Designación de volumen o secuencia 13-14
505 8# - NOTA DE CONTENIDO CON FORMATO PREESTABLECIDO
Nota de contenido con formato Contenido :
Información miscelánea v.1.
Título Antigüedad, Edad Media, Renacimiento --
Información miscelánea v.2.
Título Edad Moderna, Edad Contemporánea
650 #4 - ASIENTO SECUNDARIO DE MATERIA - TERMINO TEMATICO
Término de materia o nombre geográfico como elemento de entrada Filosofía antigua
9 (RLIN) 6916
650 #4 - ASIENTO SECUNDARIO DE MATERIA - TERMINO TEMATICO
Término de materia o nombre geográfico como elemento de entrada FILOSOFIA MEDIEVAL
9 (RLIN) 17741
650 #4 - ASIENTO SECUNDARIO DE MATERIA - TERMINO TEMATICO
Término de materia o nombre geográfico como elemento de entrada Filosofía moderna
9 (RLIN) 8266
905 ## - TIPO DE MATERIAL
Tipo de material Libro
Holdings
Estado de retiro Estado de pérdida Fuente del sistema de clasificación o colocación Estado dañado No para préstamo Código de colección Localización permanente Ubicación/localización actual Ubicación en estantería Total de préstamos Clasificación Código de barras Fecha visto por última vez Número de copia Tipo de ítem Koha Fecha de adquisición Enumeración/cronología de publicación seriada Fecha del último préstamo
    Library of Congress Classification     Colección General Bib. Gregorio Torres Quintero Bib. Gregorio Torres Quintero Planta baja 12 B82 H5.38 15500 31/12/2020 1 Libro      
    Library of Congress Classification     Colección General Bib. Gregorio Torres Quintero Bib. Gregorio Torres Quintero Planta baja 21 B82 H5.38 198417 06/09/2022 1 Libro 06/09/2022 v.1 06/09/2022
    Library of Congress Classification     Colección General Bib. Gregorio Torres Quintero Bib. Gregorio Torres Quintero Planta baja 7 B82 H5.38 198418 31/12/2020 1 Libro   v.2  
    Library of Congress Classification     Colección General Bib. Gregorio Torres Quintero Bib. Gregorio Torres Quintero Planta baja 5 B82 H5.38 15499 02/12/2024 1 Libro 06/09/2022 v.2 27/11/2024
    Library of Congress Classification     Colección General Bib. Gregorio Torres Quintero Bib. Gregorio Torres Quintero Planta baja 10 B82 H5.38 36046 13/09/2022 1 Libro 06/09/2022 v.2 06/09/2022
    Library of Congress Classification     Colección General Bib. Gregorio Torres Quintero Bib. Gregorio Torres Quintero Planta baja 20 B82 H5.38 217687 03/04/2025 1 Libro 06/09/2022   02/04/2025